000
00392nam a22000977a 4500
100
_a
डॉ.राहुल
_9
80614
245
_a
अनन्त काबरा खण्ड-2 लोक,सृजन
260
_a
दिल्ली
_b
यश पब्लिशर्स एंड डिस्ड्रीब्यूटर्स
650
_a
कविता
_9
80615
942
_c
HIN
999
_c
63903
_d
63903